CRITICA DE NUESTRO TIEMPO : A LOS CIENTO CINCUENTA AÑOS DEL MANIFIESTO COMUNISTA /

TRADUCCION DE: CRITIQUE DE L'AIR DU TEMPS, LE CENT CINQUANTIEME ANNIVERSAIRE DU MANIFESTE COMMUNISTE

Gorde:
Xehetasun bibliografikoak
Egile nagusia: Amin, Samir (autor)
Formatua: Liburua
Saila:SOCIOLOGIA Y POLITICA
Gaiak:
Etiketak: Etiketa erantsi
Etiketarik gabe, Izan zaitez lehena erregistro honi etiketa jartzen!

MARC

LEADER 00000nam^a2200000^a^4500
001 000248142
005 20250521000000.0
009 20260310105637.757
020 |a 968-23-2295-2 
035 |a 071865 
037 |a Acervo Xavier Clavigero 
082 |a 306. 342  |b AMI 
100 |a Amin, Samir  |e (autor) 
245 1 0 |a CRITICA DE NUESTRO TIEMPO :  |b A LOS CIENTO CINCUENTA AÑOS DEL MANIFIESTO COMUNISTA /  |c SMIN AMIR ; TR. ELIANE CAZENAVE-TAPIE 
264 |a MEXICO :  |b SIGLO XXI,  |c 2001 
300 |a 156 p. 
336 |a texto  |b txt  |2 rdacontenido 
337 |a sin mediación  |b n  |2 rdamedio 
338 |a volumen  |b nc  |2 rdasoporte 
440 |a SOCIOLOGIA Y POLITICA 
520 |a TRADUCCION DE: CRITIQUE DE L'AIR DU TEMPS, LE CENT CINQUANTIEME ANNIVERSAIRE DU MANIFESTE COMMUNISTE 
520 |a INCLUYE BIBLIOGRAFIA 
649 |a XX 
650 |a Capitalismo 
650
650 |a Economía Política 
650 |a NEOLIBERALISMO. 
650 |a SOCIALISMO. 
910 |a Fondo General 
920 |a Impresos - Libros 
930 |a Colección General 
905 |a 101 
901 |a 071865  |b IT1  |c ACC  |i 071865  |u 20250521 
902 |a https://opac.biblio.iteso.mx/vufind/Record/000248142